Fertilité du sol (Record no. 10596)
[ view plain ]
| 000 -LEADER | |
|---|---|
| fixed length control field | 00488 a2200241 4500 |
| 035 ## - SYSTEM CONTROL NUMBER | |
| System control number | 12323 |
| 020 ## - NUMERO INTERNATIONAL NORMALISE DES LIVRES | |
| International Standard Book Number | 90-72746-35-X |
| 100 ## - VEDETTE PRINCIPALE - NOM DE PERSONNE | |
| Personal name | VELDKAMP, Tom |
| 130 ## - VEDETTE PRINCIPALE - TITRE UNIFORME | |
| Language of a work | Fr. |
| 260 ## - PUBLICATION, DISTRIBUTION, ETC. (IMPRINT) | |
| Place of publication, distribution, etc | Wageningen |
| 260 ## - PUBLICATION, DISTRIBUTION, ETC. (IMPRINT) | |
| Name of publisher, distributor, etc | Agromisa |
| 245 ## - TITLE STATEMENT | |
| Title | Fertilité du sol |
| 260 ## - PUBLICATION, DISTRIBUTION, ETC. (IMPRINT) | |
| Date of publication, distribution, etc | 1996 |
| 250 ## - EDITION STATEMENT | |
| Edition statement | 3e ed. |
| 300 ## - PHYSICAL DESCRIPTION | |
| Extent | 26 p. |
| 300 ## - PHYSICAL DESCRIPTION | |
| Other physical details | ill. ; 21 cm. |
| 440 ## - SERIES STATEMENT/ADDED ENTRY--TITLE | |
| Number of part/section of a work | 2 |
| 440 ## - SERIES STATEMENT/ADDED ENTRY--TITLE | |
| Title | (Agrodok) |
| 650 ## - SUBJECT ADDED ENTRY--TOPICAL TERM | |
| Topical term or geographic name as entry element | <Sol-Fertilité> |
| Withdrawn status | Lost status | Damaged status | Not for loan | Location (home branch) | Sublocation or collection (holding branch) | Date acquired | Source of acquisition | Koha issues (times borrowed) | Koha full call number | Piece designation (barcode) | Koha date last seen | Copy number | Koha item type |
|---|---|---|---|---|---|---|---|---|---|---|---|---|---|
| Bibliothèque Ecole Polytechnique d'Abomey-Calavi | Bibliothèque Ecole Polytechnique d'Abomey-Calavi | 27/02/2009 | EPAC | 631.4/V435f | 20928EPAC | 27/02/2009 | 1 | Livre |